000 00429nam a22001577a 4500
003 NUST - PNEC
005 20170116181118.0
008 151004b xxu||||| |||| 00| 0 eng d
040 _cLIBRARY
082 _a681.4 KIS
100 _913355
_aKissam, Philip
245 _aOptical tooling for precise manufacture and alignment
_cPhilip Kissam
260 _c1962
650 _96108
_aEngineering instruments
_xME
942 _2ddc
_cBK
999 _c69463
_d69463